| 000 | 01431nam0a22002891 4500 | ||
|---|---|---|---|
| 001 | rc\3621321 | ||
| 005 | 20260407125929.0 | ||
| 021 |
_aRU _bРг5898-69 |
||
| 035 | _a(NLR Aleph) 007718010 | ||
| 090 |
_a6920159 _c6920159 |
||
| 100 | _a20130115d1969 |||y0rusy50 ca | ||
| 101 | 0 | _arus | |
| 102 | _aRU | ||
| 105 | _aa b ||||| | ||
| 200 | 1 |
_aСкульптура, графика _e[Каталог] _f[Вступ. статья В. Полякова, засл. худож. РСФСР] _gМ-во культуры Коми АССР. Коми отд-ние Союза худож. РСФСР. Респ. худож. музей. Выставка произведений Владислава Мамченко |
|
| 210 |
_aСыктывкар _cКоми кн. изд-во _d1969 |
||
| 215 |
_a15 с. _cил. _d16 |
||
| 300 | _aНа обороте тит. л. сост.: А.А. Борисова | ||
| 702 | 1 |
_4080 _8rus _7ca _aПоляков _bВ. В. _cхудожник _f1905-1974 _gВалентин Викторович _3RU\NLR\AUTH\7717036 _9128 |
|
| 702 | 1 |
_aБорисова _bА.А. _gАнна Арсентьевна _4220 |
|
| 710 | 1 | 0 |
_aМамченко, _gВладислав Никанорович _hВыставка произведений _f1969 _eСыктывкар _3RU\NLR\AUTH\8810075758 _9653614 |
| 801 | 0 |
_aRU _bNLR _gpsbo |
|
| 801 | 1 |
_aRU _bELAR _2rusmarc |
|
| 852 |
_aNLR _bЭ _jКП/М229 |
||
| 942 | _cBOOK | ||
| 980 | _aNB | ||